| 000 | 00642nam a2200193 a 4500 | ||
|---|---|---|---|
| 005 | 20240215063715.0 | ||
| 008 | 991125s1989 ag 000 0 spa u | ||
| 020 | _a9505821522 | ||
| 035 | _aUPN01000055759 | ||
| 049 | _aCG | ||
| 050 | 4 |
_aH62 _bA5.8 |
|
| 100 | 1 |
_aAnder-Egg, Ezequiel, _d1930- _928724 |
|
| 245 | 1 | 0 |
_aTécnicas de reuniones de trabajo / _cEzequiel Ander-Egg. |
| 260 |
_aBuenos Aires : _bHvmanitas, _c1989. |
||
| 300 |
_a102 p. : _bil. |
||
| 440 | 0 |
_aObras completas Ezequiel Ander Egg ; _v23 _pCuestiones en torno a métodos y técnicas del trabajo social |
|
| 650 | 4 |
_aCiencias sociales _xInvestigación _97497 |
|
| 905 | _aLibro | ||
| 999 |
_c55759 _d55759 |
||